LEADER 01008nam0-22003371i-450 001 990001788390403321 005 20190529131418.0 035 $a000178839 035 $aFED01000178839 035 $a(Aleph)000178839FED01 035 $a000178839 100 $a20030910f198.----km-y0itay50------ba 101 0 $aita 102 $aIT 105 $ay-------001yy 200 1 $a<>punto sulla difesa antiperonosporica della vite$easpetti epidemiologici e previsionali$fA. Brunelli, I. Gherardi, R. Bugiani 210 $aBologna$cOsservatorio per le malattie delle piante$d[198.] 215 $a4 p.$d30 cm 610 0 $aPeronospora 610 0 $aViti 676 $a589.252 700 1$aBrunelli,$bAgostino$070597 702 1$aBugiani,$bR. 702 1$aGherardi,$bI. 801 0$aIT$bUNINA$gRICA$2UNIMARC 901 $aLG 912 $a990001788390403321 952 $a60 OP. 130/6$b5121$fFAGBC 959 $aFAGBC 996 $aPunto sulla difesa antiperonosporica della vite$9408030 997 $aUNINA LEADER 00931nam a22002411i 4500 001 991001350579707536 005 20031103163218.0 008 040407s1965 it a||||||||||||||||ita 035 $ab1275691x-39ule_inst 035 $aARCHE-073654$9ExL 040 $aDip.to Scienze Storiche$bita$cA.t.i. Arché s.c.r.l. Pandora Sicilia s.r.l. 082 04$a914.51 100 1 $aOlivieri, Dante$0164808 245 10$aDizionario di toponomastica piemontese /$cDante Olivieri 260 $aBrescia :$bPaideia,$c1965 300 $a379 p., [1] c. di tav. :$bill. ;$c25 cm 650 4$aToponimi$zPiemonte$xDizionari 907 $a.b1275691x$b02-04-14$c16-04-04 912 $a991001350579707536 945 $aLE009 STOR.10.5-14$g1$i2009000122888$lle009$o-$pE0.00$q-$rn$so $t0$u0$v0$w0$x0$y.i13296322$z16-04-04 996 $aDizionario di toponomastica piemontese$9267080 997 $aUNISALENTO 998 $ale009$b16-04-04$cm$da $e-$fita$git $h0$i1